[Event "Mecklenburg VP LL2 Ost 1819"]
[Site "Mecklenburg VP"]
[Date "2019.03.10"]
[Round "7.5"]
[White "Behrens, Christoph"]
[Black "Schmekel, Felix"]
[Result "1/2-1/2"]
[WhiteElo "1621"]
[BlackElo "1649"]
[PlyCount "83"]
[EventDate "2018.10.21"]
[EventType "team-tourn"]
[EventRounds "9"]
[EventCountry "GER"]
[SourceTitle "EXT 2022"]
[Source "ChessBase"]
[SourceDate "2021.10.06"]
[SourceVersion "1"]
[SourceVersionDate "2021.10.06"]
[SourceQuality "1"]
[WhiteTeam "Bergen Rugia"]
[BlackTeam "Torgelow Droegeheide II"]
[WhiteTeamCountry "GER"]
[BlackTeamCountry "GER"]

1. e4 g6 2. d4 Bg7 3. Nf3 d6 4. Be3 Nd7 5. c3 e5 6. dxe5 Nxe5 7. Nxe5 Bxe5 8. Nd2 Qe7 9. Qc2 Bd7 10. Bd3 Bg7 11. Qb3 Bc6 12. Bb5 Qd7 13. Bxc6 Qxc6 14. Qc4 Ne7 15. 0-0 Qxc4 16. Nxc4 Nc6 17. f3 0-0 18. Rad1 f5 19. exf5 Rxf5 20. Bc1 Rc5 21. Ne3 Bh6 22. Ng4 Bxc1 23. Rxc1 h5 24. Nf6+ Kf7 25. Ne4 Ra5 26. a3 Re5 27. Nd2 Rae8 28. Rcd1 Na5 29. b4 Nc6 30. Nc4 Re2 31. Rf2 Kf6 32. Nd2 Re1+ 33. Rf1 R1e3 34. Kf2 Rxc3 35. Ne4+ Rxe4 36. fxe4 Rxa3 37. Ra1 Rxa1 38. Rxa1 a6 39. Rb1 Ke5 40. Ke3 Nd4 41. Kd3 Nb5 42. Rf1 1/2-1/2

[Event "Mecklenburg VP LL2 Ost 1819"]
[Site "Mecklenburg VP"]
[Date "2018.11.11"]
[Round "2.5"]
[White "Roeste, Stein"]
[Black "Schmekel, Felix"]
[Result "0-1"]
[WhiteElo "1538"]
[BlackElo "1649"]
[PlyCount "120"]
[EventDate "2018.10.21"]
[EventType "team-tourn"]
[EventRounds "9"]
[EventCountry "GER"]
[SourceTitle "EXT 2022"]
[Source "ChessBase"]
[SourceDate "2021.10.06"]
[SourceVersion "1"]
[SourceVersionDate "2021.10.06"]
[SourceQuality "1"]
[WhiteTeam "Rostock Makkabi"]
[BlackTeam "Torgelow Droegeheide II"]
[WhiteTeamCountry "GER"]
[BlackTeamCountry "GER"]

1. d4 g6 2. c4 Bg7 3. Nc3 d6 4. e4 Nd7 5. f3 e5 6. d5 Ne7 7. Be3 f5 8. g3 Nf6 9. Qd2 fxe4 10. fxe4 Ng4 11. 0-0-0 Rf8 12. Be2 Nxe3 13. Qxe3 Ng8 14. Kb1 Bh6 15. Qd3 Bd7 16. Nf3 a6 17. Nd2 Qe7 18. h4 0-0-0 19. g4 Bf4 20. g5 Rf7 21. Rhg1 Rdf8 22. Bg4 Bxd2 23. Bxd7+ Qxd7 24. Qxd2 Rf2 25. Qd3 Kb8 26. Qg3 R8f4 27. Rde1 R2f3 28. Qg2 Qh3 29. Na4 Qxg2 30. Rxg2 Rxh4 31. c5 Rff4 32. cxd6 cxd6 33. Rc1 Rxe4 34. Nb6 Ne7 35. Rgc2 Ref4 36. Nd7+ Ka7 37. Nf6 Rd4 38. Rc7 Nxd5 39. Rd7 Nb6 40. Rxh7 Rxh7 41. Nxh7 Nd5 42. Rc8 Rh4 43. Nf6 Nxf6 44. gxf6 Rf4 45. Rf8 g5 46. f7 g4 47. Rd8 Rxf7 48. Rxd6 Rg7 49. Rd2 g3 50. Rg2 Kb6 51. Kc2 Kc5 52. Kd3 Kd5 53. b3 Rg4 54. Ke3 e4 55. a3 Ke5 56. Rg1 g2 57. Kf2 Kf4 58. b4 e3+ 59. Ke2 Rg3 60. a4 Kg4 0-1

[Event "Mecklenburg VP LL2 Ost 1718"]
[Site "Mecklenburg VP"]
[Date "2018.02.25"]
[Round "6.5"]
[White "Schmekel, Felix"]
[Black "Klinger, Clemens"]
[Result "1-0"]
[WhiteElo "1636"]
[BlackElo "1582"]
[PlyCount "57"]
[EventDate "2017.10.08"]
[EventType "team-tourn"]
[EventRounds "9"]
[EventCountry "GER"]
[SourceTitle "EXT 2022"]
[Source "ChessBase"]
[SourceDate "2021.10.06"]
[SourceVersion "1"]
[SourceVersionDate "2021.10.06"]
[SourceQuality "1"]
[WhiteTeam "Torgelow Droegeheide II"]
[BlackTeam "Stralsund FHSG II"]
[WhiteTeamCountry "GER"]
[BlackTeamCountry "GER"]

1. d4 d5 2. c4 e6 3. Nc3 Nf6 4. cxd5 exd5 5. Bg5 Be7 6. e3 c6 7. Bd3 0-0 8. Nge2 Nbd7 9. Qc2 g6 10. Ng3 Ne8 11. Bh6 Ng7 12. 0-0-0 Re8 13. Nge2 Nb6 14. Bf4 Nc4 15. Bg3 b5 16. Nf4 Bf5 17. h4 Bg4 18. Rde1 h5 19. f3 Bf5 20. Bf2 Bxd3 21. Qxd3 Bd6 22. g3 Nf5 23. e4 dxe4 24. fxe4 Ng7 25. e5 Be7 26. e6 Nxe6 27. Rxe6 fxe6 28. Qxg6+ Kh8 29. Nxe6 1-0

[Event "Mecklenburg VP LL2 Ost 1718"]
[Site "Mecklenburg VP"]
[Date "2017.11.12"]
[Round "2.4"]
[White "Schumann, Lutz"]
[Black "Schmekel, Felix"]
[Result "0-1"]
[WhiteElo "1748"]
[BlackElo "1636"]
[PlyCount "80"]
[EventDate "2017.10.08"]
[EventType "team-tourn"]
[EventRounds "9"]
[EventCountry "GER"]
[SourceTitle "EXT 2022"]
[Source "ChessBase"]
[SourceDate "2021.10.06"]
[SourceVersion "1"]
[SourceVersionDate "2021.10.06"]
[SourceQuality "1"]
[WhiteTeam "Graal Mueritz"]
[BlackTeam "Torgelow Droegeheide II"]
[WhiteTeamCountry "GER"]
[BlackTeamCountry "GER"]

1. c4 g6 2. Nc3 Bg7 3. g3 d6 4. Bg2 e5 5. d3 Ne7 6. e3 0-0 7. Nge2 Nbc6 8. 0-0 Rb8 9. a3 a6 10. Bd2 Be6 11. Qa4 Qd7 12. Rfd1 b5 13. cxb5 axb5 14. Qc2 b4 15. Ne4 h6 16. Bxb4 Nxb4 17. axb4 Rxb4 18. Rdc1 f5 19. Qd2 c5 20. N4c3 Rfb8 21. Ra8 Qc8 22. Rxb8 Qxb8 23. Nd1 Ra4 24. h4 Kh7 25. Nec3 Ra7 26. e4 Qb4 27. Qe3 Ra6 28. Qe2 Nc6 29. exf5 gxf5 30. Nd5 Nd4 31. Qe3 Qb3 32. Nc7 f4 33. gxf4 exf4 34. Be4+ Kh8 35. Qd2 Ra7 36. Nxe6 Qxe6 37. Kh2 f3 38. Ne3 Nb3 39. Qd1 Be5+ 40. Kg1 Rg7+ 0-1

[Event "Mecklenburg VP LL2 Ost 1718"]
[Site "Mecklenburg VP"]
[Date "2017.10.08"]
[Round "1.4"]
[White "Schmekel, Felix"]
[Black "Horch, Helmut"]
[Result "0-1"]
[WhiteElo "1636"]
[BlackElo "1733"]
[PlyCount "68"]
[EventDate "2017.10.08"]
[EventType "team-tourn"]
[EventRounds "9"]
[EventCountry "GER"]
[SourceTitle "EXT 2022"]
[Source "ChessBase"]
[SourceDate "2021.10.06"]
[SourceVersion "1"]
[SourceVersionDate "2021.10.06"]
[SourceQuality "1"]
[WhiteTeam "Torgelow Droegeheide II"]
[BlackTeam "Binz Therme Ruegen"]
[WhiteTeamCountry "GER"]
[BlackTeamCountry "GER"]

1. d4 e6 2. c4 d5 3. Nc3 Nf6 4. cxd5 exd5 5. Bg5 Be7 6. e3 0-0 7. Bd3 c6 8. Nge2 Nh5 9. Bxe7 Qxe7 10. Ng3 Nf6 11. 0-0 g6 12. Rb1 Ng4 13. Qf3 f5 14. Rfe1 Be6 15. b4 a6 16. a4 Nf6 17. Rec1 Ne4 18. Rc2 b5 19. Nge2 Nd7 20. Nf4 Nb6 21. Bxe4 fxe4 22. Qg3 Bd7 23. a5 Nc4 24. Rb3 Rf5 25. Qg4 Kh8 26. Qd1 Raf8 27. Nce2 g5 28. Nh3 R5f7 29. Ng3 Bxh3 30. gxh3 Rf3 31. Kg2 Qf7 32. Qe1 h5 33. Qe2 h4 34. Nf1 Qf5 0-1

[Event "Mecklenburg VP LL2 Ost 1617"]
[Site "Mecklenburg VP"]
[Date "2017.02.26"]
[Round "6.4"]
[White "Schmidt, Joerg"]
[Black "Schmekel, Felix"]
[Result "1-0"]
[WhiteElo "1878"]
[BlackElo "1641"]
[PlyCount "71"]
[EventDate "2016.10.16"]
[EventType "team-tourn"]
[EventRounds "9"]
[EventCountry "GER"]
[SourceTitle "EXT 2022"]
[Source "ChessBase"]
[SourceDate "2021.10.06"]
[SourceVersion "1"]
[SourceVersionDate "2021.10.06"]
[SourceQuality "1"]
[WhiteTeam "Waren Malchow"]
[BlackTeam "Torgelow Droegeheide II"]
[WhiteTeamCountry "GER"]
[BlackTeamCountry "GER"]

1. c4 g6 2. Nf3 Bg7 3. g3 d6 4. Bg2 e5 5. d3 Ne7 6. Nc3 0-0 7. 0-0 h6 8. Bd2 f5 9. b4 Kh7 10. Ne1 f4 11. Rb1 c6 12. b5 d5 13. bxc6 bxc6 14. cxd5 cxd5 15. Qb3 Be6 16. Nc2 Nbc6 17. Qa4 Qd7 18. Nb4 fxg3 19. hxg3 Rac8 20. Rfe1 Rf7 21. Na6 Rcf8 22. Nc5 Qc8 23. Nxe6 Qxe6 24. f3 Nf5 25. Qg4 d4 26. Ne4 Qxa2 27. Kf2 Nce7 28. Rh1 Nd5 29. Ra1 Qb3 30. Ng5+ Kg8 31. Nxf7 Rxf7 32. Qxg6 Nde3 33. Bh3 Qb2 34. Bxf5 Qxd2 35. Be6 Ng4+ 36. Qxg4 1-0

[Event "Mecklenburg VP VL 1415"]
[Site "Mecklenburg VP"]
[Date "2015.03.15"]
[Round "7.8"]
[White "Schmekel, Felix"]
[Black "Goertz, Frank"]
[Result "0-1"]
[WhiteElo "1564"]
[BlackElo "1880"]
[PlyCount "114"]
[EventDate "2014.09.21"]
[EventType "team-tourn"]
[EventRounds "9"]
[EventCountry "GER"]
[SourceTitle "EXT 2022"]
[Source "ChessBase"]
[SourceDate "2021.10.06"]
[SourceVersion "1"]
[SourceVersionDate "2021.10.06"]
[SourceQuality "1"]
[WhiteTeam "Torgelow Droegeheide"]
[BlackTeam "Schwerin SF III"]
[WhiteTeamCountry "GER"]
[BlackTeamCountry "GER"]

1. d4 d5 2. c4 c6 3. cxd5 cxd5 4. Nc3 Nf6 5. Bf4 e6 6. e3 Bd6 7. Bxd6 Qxd6 8. Bd3 0-0 9. Nf3 Nc6 10. a3 e5 11. dxe5 Nxe5 12. Be2 Bd7 13. 0-0 Rad8 14. Qd2 Rfe8 15. Rfd1 Bc6 16. Rac1 Qe6 17. Nd4 Qe7 18. Na2 Ne4 19. Qb4 Qf6 20. Bf3 Qh4 21. Rc2 Ng4 22. Bxg4 Qxg4 23. f3 Qg5 24. fxe4 Qxe3+ 25. Kh1 dxe4 26. Rcd2 a5 27. Qc3 Qf4 28. Nxc6 Rxd2 29. Qxd2 Qxd2 30. Rxd2 bxc6 31. Nc3 f5 32. Kg1 Kf7 33. Ne2 Kf6 34. Rd6+ Ke5 35. Rxc6 Rb8 36. Rc2 f4 37. Kf1 Rb5 38. Nc3 Rc5 39. Ke2 g5 40. h3 h5 41. Rd2 g4 42. hxg4 hxg4 43. Kf2 e3+ 44. Ke2 exd2 45. Kxd2 Rc8 46. Ke2 Rb8 47. Na4 Kd4 48. Kd2 Kc4 49. Kc2 Rh8 50. b3+ Kd4 51. b4 axb4 52. axb4 Rh2 53. Kb3 Rxg2 54. b5 Rh2 55. b6 f3 56. Kb4 f2 57. Ka5 f1Q 0-1

[Event "Mecklenburg VP LL2 Ost 1213"]
[Site "Mecklenburg VP"]
[Date "2013.02.24"]
[Round "6.7"]
[White "Schmekel, Felix"]
[Black "Klingenberg, Dietrich"]
[Result "1/2-1/2"]
[WhiteElo "1437"]
[BlackElo "1670"]
[PlyCount "162"]
[EventDate "2012.10.14"]
[EventType "team-tourn"]
[EventRounds "9"]
[EventCountry "GER"]
[SourceTitle "EXT 2022"]
[Source "ChessBase"]
[SourceDate "2021.10.06"]
[SourceVersion "1"]
[SourceVersionDate "2021.10.06"]
[SourceQuality "1"]
[WhiteTeam "Torgelow Droegeheide II"]
[BlackTeam "Bergen Rugia"]
[WhiteTeamCountry "GER"]
[BlackTeamCountry "GER"]

1. d4 d5 2. c4 e6 3. Nc3 Nf6 4. cxd5 Nxd5 5. e4 Nf6 6. Bg5 Be7 7. Nf3 Nbd7 8. Qc2 a6 9. Bd3 h6 10. Bf4 Nb6 11. 0-0 c6 12. Rab1 Nbd7 13. b4 Nh5 14. Be3 Bg5 15. Bxg5 hxg5 16. h3 Nf4 17. Ne2 Nf6 18. Nxf4 gxf4 19. Rfd1 Bd7 20. Be2 Nh5 21. Rb3 Qe7 22. Qc5 b5 23. Qxe7+ Kxe7 24. Rc1 Nf6 25. Bd3 a5 26. Ne5 Rhc8 27. bxa5 Rxa5 28. a3 Raa8 29. Rbc3 Rab8 30. Rxc6 Rxc6 31. Nxc6+ Bxc6 32. Rxc6 b4 33. axb4 Rxb4 34. e5 Nd5 35. Rc4 Rb3 36. Be4 Rb5 37. Bf3 g6 38. Kh2 Kf8 39. Kg1 Kg7 40. Kh2 Rb2 41. Bxd5 exd5 42. Rc5 Rxf2 43. Rxd5 Kf8 44. Rd6 Rd2 45. h4 Ke7 46. Kh3 Rd3+ 47. Kg4 Rg3+ 48. Kxf4 Rxg2 49. Ra6 Rh2 50. Kg3 Rd2 51. Rd6 Rd1 52. Kf4 Rg1 53. Rf6 Rd1 54. Ke3 Rh1 55. Rf4 Ke6 56. Kf2 Ra1 57. Ke3 Rb1 58. Rf6+ Ke7 59. d5 Rb4 60. Rf4 Rb5 61. Rd4 Rb1 62. Kf4 Rf1+ 63. Ke3 Rf5 64. Ke4 Rh5 65. Kf3 Rxe5 66. Re4 Kd6 67. Rxe5 Kxe5 68. Kg4 Kxd5 69. Kg5 Ke5 70. Kg4 Ke4 71. Kg5 Ke5 72. Kg4 f6 73. Kg3 Ke4 74. Kg4 f5+ 75. Kg5 f4 76. Kxg6 f3 77. h5 f2 78. h6 f1Q 79. h7 Qf5+ 80. Kg7 Qd7+ 81. Kg8 Qe8+ 1/2-1/2

[Event "Mecklenburg VP LL2 Ost 1112"]
[Site "Mecklenburg VP"]
[Date "2012.03.04"]
[Round "6.8"]
[White "Ernst, Mathias"]
[Black "Schmekel, Felix"]
[Result "1/2-1/2"]
[WhiteElo "1621"]
[BlackElo "1446"]
[PlyCount "42"]
[EventDate "2011.10.02"]
[EventType "team-tourn"]
[EventRounds "9"]
[EventCountry "GER"]
[SourceTitle "EXT 2022"]
[Source "ChessBase"]
[SourceDate "2021.10.06"]
[SourceVersion "1"]
[SourceVersionDate "2021.10.06"]
[SourceQuality "1"]
[WhiteTeam "Rostock HSG Uni"]
[BlackTeam "Torgelow Droegeheide II"]
[WhiteTeamCountry "GER"]
[BlackTeamCountry "GER"]

1. e4 g6 2. d4 Bg7 3. Nf3 d6 4. Be2 a6 5. 0-0 Bg4 6. c3 Nd7 7. Qb3 Bxf3 8. Bxf3 Rb8 9. Be3 e6 10. Nd2 Ne7 11. Rac1 0-0 12. Rfd1 e5 13. Be2 Kh8 14. f3 f5 15. Qc2 f4 16. Bf2 g5 17. Nb3 Ng6 18. c4 Qe7 19. Kh1 Rfc8 20. c5 b5 21. Na5 Qf7 1/2-1/2

[Event "Mecklenburg VP LL2 Ost 1112"]
[Site "Mecklenburg VP"]
[Date "2011.12.11"]
[Round "4.8"]
[White "Warmuth, Ruediger"]
[Black "Schmekel, Felix"]
[Result "1-0"]
[WhiteElo "1442"]
[BlackElo "1446"]
[PlyCount "99"]
[EventDate "2011.10.02"]
[EventType "team-tourn"]
[EventRounds "9"]
[EventCountry "GER"]
[SourceTitle "EXT 2022"]
[Source "ChessBase"]
[SourceDate "2021.10.06"]
[SourceVersion "1"]
[SourceVersionDate "2021.10.06"]
[SourceQuality "1"]
[WhiteTeam "Warnemuende SF Ostsee II"]
[BlackTeam "Torgelow Droegeheide II"]
[WhiteTeamCountry "GER"]
[BlackTeamCountry "GER"]

1. e4 c5 2. f4 g6 3. Nf3 d6 4. Bc4 Bg7 5. c3 e6 6. 0-0 Ne7 7. d4 0-0 8. Bb3 Nd7 9. Bc2 b6 10. Bd3 Bb7 11. Ng5 cxd4 12. Qg4 dxc3 13. Nxc3 h6 14. Nf3 Nc5 15. Bc2 Bxc3 16. bxc3 Nxe4 17. Bxe4 Bxe4 18. Nd2 Bd3 19. Rf2 h5 20. Qf3 Bb5 21. Bb2 Bc6 22. Qe2 Bb7 23. Rc1 Rc8 24. h3 Nf5 25. Nf3 Ng3 26. Qe3 Rc4 27. Ng5 Nf5 28. Qe1 Qc7 29. Rd1 Qc6 30. Kh2 Rxf4 31. Qd2 Rxf2 32. Qxf2 Ne3 33. Rg1 Nc4 34. Bc1 Qc5 35. Qc2 Qe5+ 36. Kh1 Rc8 37. Qf2 Rc7 38. Bf4 Qxc3 39. Nf3 Rd7 40. Ne1 Qf6 41. Qg3 d5 42. Bg5 Qf5 43. Nf3 d4 44. Nh4 Qe5 45. Bf4 Qe2 46. Re1 Qxa2 47. Bg5 Kg7 48. Rf1 d3 49. Bf6+ Kh7 50. Qb8 1-0

[Event "Mecklenburg VP-ch U14"]
[Site "Malchow"]
[Date "2011.02.14"]
[Round "3.4"]
[White "Soltmann, Jan"]
[Black "Schmekel, Felix"]
[Result "0-1"]
[WhiteElo "972"]
[BlackElo "1319"]
[PlyCount "96"]
[EventDate "2011.02.14"]
[EventType "swiss"]
[EventRounds "7"]
[EventCountry "GER"]
[SourceTitle "EXT 2022"]
[Source "ChessBase"]
[SourceDate "2021.10.06"]
[SourceVersion "1"]
[SourceVersionDate "2021.10.06"]
[SourceQuality "1"]

1. e4 c5 2. Nf3 Nc6 3. d4 cxd4 4. Nxd4 g6 5. Nb5 a6 6. N5c3 Bg7 7. Bd2 Nf6 8. Bc4 0-0 9. 0-0 b5 10. Bb3 Bb7 11. Be3 e6 12. Qd2 Ne5 13. f3 Qc7 14. Rd1 Bc8 15. Bf4 Nh5 16. Bh6 f5 17. Bxg7 Nxg7 18. Kh1 fxe4 19. Nxe4 d5 20. Nf2 Nf5 21. Nc3 Kg7 22. Qf4 Ne7 23. Qe3 N7c6 24. a3 d4 25. Rxd4 Nxd4 26. Qxd4 Rd8 27. Qe3 Nc4 28. Bxc4 Qxc4 29. Qe5+ Kg8 30. Nfe4 Qd4 31. Nf6+ Kh8 32. Qxd4 Rxd4 33. Nfe4 Kg7 34. Re1 h6 35. Nc5 Rd2 36. Rc1 Ra7 37. Nd3 Rc7 38. Kg1 g5 39. Kf1 h5 40. h3 Kh6 41. Ne5 Rd4 42. Nd3 Bb7 43. Re1 Re7 44. Re5 Kg6 45. Nc5 Bc8 46. Nd3 Rf7 47. Rc5 Rf8 48. Ne4 Rxe4 0-1

[Event "Mecklenburg VP-ch U14"]
[Site "Malchow"]
[Date "2010.02.??"]
[Round "6.5"]
[White "Kollberg, Ruben"]
[Black "Schmekel, Felix"]
[Result "0-1"]
[WhiteElo "1196"]
[BlackElo "1457"]
[PlyCount "52"]
[EventDate "2010.02.10"]
[EventType "swiss"]
[EventRounds "7"]
[EventCountry "GER"]
[SourceTitle "EXT 2022"]
[Source "ChessBase"]
[SourceDate "2021.10.06"]
[SourceVersion "1"]
[SourceVersionDate "2021.10.06"]
[SourceQuality "1"]

1. d4 Nf6 2. Nf3 e6 3. c4 b6 4. Bg5 h6 5. Bh4 Bb7 6. Nbd2 Be7 7. e3 d5 8. cxd5 exd5 9. Rc1 Nbd7 10. Bg3 c5 11. dxc5 bxc5 12. b4 c4 13. a3 0-0 14. Nd4 Nh7 15. Be2 a5 16. Qa4 Nb6 17. Qb5 axb4 18. Nc6 Bxc6 19. Qxc6 Rc8 20. Qb7 bxa3 21. 0-0 Bd6 22. Bxd6 Qxd6 23. Rfd1 Rc7 24. Nxc4 dxc4 25. Rxd6 Rxb7 26. Rb1 a2 0-1

[Event "Mecklenburg VP-ch U14"]
[Site "Malchow"]
[Date "2010.02.??"]
[Round "4.4"]
[White "Lansky, Georg"]
[Black "Schmekel, Felix"]
[Result "1-0"]
[WhiteElo "1381"]
[BlackElo "1457"]
[PlyCount "119"]
[EventDate "2010.02.10"]
[EventType "swiss"]
[EventRounds "7"]
[EventCountry "GER"]
[SourceTitle "EXT 2022"]
[Source "ChessBase"]
[SourceDate "2021.10.06"]
[SourceVersion "1"]
[SourceVersionDate "2021.10.06"]
[SourceQuality "1"]

1. e4 c6 2. d4 d5 3. Nc3 dxe4 4. Nxe4 Bf5 5. Ng3 Bg6 6. Nf3 Nd7 7. Bd3 Bxd3 8. Qxd3 Ngf6 9. 0-0 e6 10. Re1 Be7 11. Ne4 0-0 12. Bf4 c5 13. Rad1 Qb6 14. Qb3 Qxb3 15. axb3 Nxe4 16. Rxe4 cxd4 17. Rexd4 Nb6 18. Bd6 Bf6 19. Bxf8 Bxd4 20. Rxd4 Kxf8 21. c4 Ke7 22. Kf1 Rd8 23. Ke2 Rxd4 24. Nxd4 Kd6 25. Kd3 a6 26. b4 Nd7 27. f4 g6 28. Nf3 h6 29. Kd4 f6 30. c5+ Kc6 31. Kc4 e5 32. g3 e4 33. Nd4+ Kc7 34. Kd5 f5 35. Ke6 a5 36. Kd5 axb4 37. Kc4 Nf6 38. Kxb4 Nd5+ 39. Kb5 Ne3 40. Ne2 Nf1 41. h4 Ne3 42. b3 Nd5 43. Kc4 Nf6 44. b4 Kc6 45. Nd4+ Kd7 46. b5 Nh5 47. Ne2 Kc7 48. Kd4 Nf6 49. Ke5 Nd7+ 50. Kd5 b6 51. c6 Nc5 52. Ke5 Nd3+ 53. Kf6 Nb2 54. Kxg6 Nc4 55. Kxh6 Na3 56. Nc3 e3 57. Kg6 Kc8 58. h5 Nxb5 59. h6 Nxc3 60. h7 1-0

[Event "Mecklenburg VP-ch U12"]
[Site "Malchow"]
[Date "2009.02.10"]
[Round "7.3"]
[White "Schmekel, Felix"]
[Black "Goldbach, Aaron"]
[Result "1/2-1/2"]
[WhiteElo "1260"]
[BlackElo "962"]
[PlyCount "143"]
[EventDate "2009.02.07"]
[EventType "swiss"]
[EventRounds "7"]
[EventCountry "GER"]
[SourceTitle "EXT 2022"]
[Source "ChessBase"]
[SourceDate "2021.10.06"]
[SourceVersion "1"]
[SourceVersionDate "2021.10.06"]
[SourceQuality "1"]

1. d4 Nf6 2. c4 e6 3. Nc3 Bb4 4. Qc2 Nc6 5. Nf3 0-0 6. Bg5 b6 7. e3 Bb7 8. Bd3 Bxc3+ 9. Qxc3 d6 10. 0-0 Qd7 11. b4 d5 12. c5 Ne4 13. Qb3 Rfe8 14. Bf4 f6 15. b5 Na5 16. c6 Qe7 17. Qc2 Bc8 18. Bxe4 dxe4 19. Qxe4 Nc4 20. Rfc1 Qb4 21. Qd3 Na3 22. Rc3 Nxb5 23. Rb3 Qe7 24. Rxb5 Ba6 25. Qb3 Bxb5 26. Qxb5 Red8 27. Qa6 Qb4 28. Bxc7 Qc3 29. Rf1 Rdc8 30. Bg3 Qxc6 31. Qe2 Rd8 32. Qd2 Rac8 33. Rd1 Qc2 34. Ne1 Qxd2 35. Rxd2 Rc1 36. Kf1 Rdc8 37. Ke2 Kf7 38. Nd3 R1c2 39. Nb4 Rxd2+ 40. Kxd2 Kg6 41. d5 exd5 42. Nxd5 Rd8 43. e4 Kf7 44. Ke3 Rc8 45. Nc7 Ke7 46. Kd3 Kd7 47. e5 fxe5 48. Bxe5 Rxc7 49. Bxc7 Kxc7 50. Kc3 Kd6 51. Kd4 a6 52. f4 b5 53. Kc3 Kc5 54. a3 a5 55. h4 b4+ 56. axb4+ axb4+ 57. Kb3 Kd4 58. Kxb4 Ke4 59. Kc4 Kxf4 60. Kd3 Kg4 61. Ke2 Kxh4 62. Kf2 Kg4 63. g3 h5 64. Kg2 h4 65. gxh4 Kxh4 66. Kh2 g5 67. Kg2 Kg4 68. Kh2 Kf3 69. Kg1 g4 70. Kh2 Kf4 71. Kg2 g3 72. Kg1 1/2-1/2